000 00905nam a2200253 a 4500
999 _c11665
_d11665
001 11665
003 BD-JhCC
005 20200715122721.0
008 200715b2009 bg a|||| ||a| 001 0 mul d
020 _a9843000002860
035 _a(BD-JhCC)11665
040 _aBD-JhCC
_dBD-JhCC
041 _amul
082 _a570.9
_bBAN 2009
245 _aবাংলাদেশ উদ্ভিদ ও প্রাণী জ্ঞানকোষ:
_bপ্রোটোজোয়া-গ্যাস্ট্রোট্রিকা /
_cসম্পা: মো: রবিউল করিম ।
260 _aঢাকা:
_bবাংলাদেশ এশিয়াটিক সোসাইটি;
_c২০০৯.
300 _a383 p. :
_bill;
_c26 cm.
650 _aBiology
650 _aZoology
650 _aDisctionay
700 _aকরিম, রবিউল
942 _2ddc
_cBK